Famous Northern Irish People - Statistics

General Stats
  • This quiz has been taken 37 times
    30 since last reset
  • The average score is 6 of 12
Answer Stats
Hint Answer % Correct
Qui-Gon Jinn and Oscar Schindler actor Liam Neeson
85%
Polymath known for writing, 'Narnia' author C. S. Lewis
81%
Golf player, former PGA, Open and U.S. Open winner Rory McIlroy
73%
Grammy Award-winning music legend, known for the album 'Moondance' Van Morrison
69%
Legendary Manchester United winger, troubled by alcohol George Best
65%
British Chief Scout, wilderness survival expert Bear Grylls
50%
Actor/Director/Screenwriter known for Hamlet, Henry V, Dunkirk Kenneth Branagh
46%
'50 Shades of Grey' actor, played 'Christian Grey' Jamie Dornan
35%
Blues guitarist closely associated with Phil Lynott, famous as a solo artist Gary Moore
23%
Jurassic Park, Peaky Blinders, The Tudors actor Sam Neill
19%
'Varys' from Game of Thrones Conleth Hill
12%
Former Dio and current Def Leppard guitarist Vivian Campbell
8%
No matching quizzes found
Score Distribution
Percent of People with Each Score
Percentile by Number Answered
Your Score History
You have not taken this quiz since the last reset